| 000 | 00478nam a22001817a 4500 | ||
|---|---|---|---|
| 005 | 20220528112643.0 | ||
| 008 | 220528b ||||| |||| 00| 0 eng d | ||
| 040 |
_aIN-DiNC _cIN-DiNC |
||
| 041 | _dasm | ||
| 082 | _a491.3 | ||
| 100 |
_aDev Goswami Keshbananda _eauthor |
||
| 245 |
_aPrakrt patha _cby Keshbananda Dev Goswami |
||
| 250 | _a1st ed. | ||
| 260 |
_aDibrugarh _bstudents amarium _c1991 |
||
| 300 | _a159p. | ||
| 700 |
_aBhimkanta Baruah _eauthor |
||
| 942 |
_2ddc _cBK |
||
| 999 |
_c11306 _d11306 |
||